Southville International School and Colleges
Your cart is empty.
  • Cart
  • Lists
    Public lists Eva Luna New books Lux_list list_1
    Your lists Log in to create your own lists
  • Log in to your account
  • Your cookies
  • Search history
Southville International School and Colleges
  • Advanced search
  • Recent comments
  • Most popular
  • Libraries

Log in to your account

Log in with GOOGLE


If you do not have an external account, but do have a local account, you can still log in:

  1. Home
  2. MARC view: How I learned to fly /
Normal view MARC view ISBD view

How I learned to fly / (Record no. 33242)

[ view plain ]
MARC details
000 -LEADER
fixed length control field 01053cam a22003493a 4500
001 - CONTROL NUMBER
control field 13294421
003 - CONTROL NUMBER IDENTIFIER
control field OSt
005 - DATE AND TIME OF LATEST TRANSACTION
control field 20140310184239.0
008 - FIXED-LENGTH DATA ELEMENTS--GENERAL INFORMATION
fixed length control field 970117s1997 nyu j 000 1 eng d
010 ## - LIBRARY OF CONGRESS CONTROL NUMBER
LC control number 2003586090
020 ## - INTERNATIONAL STANDARD BOOK NUMBER
International Standard Book Number 0590568892 (pbk.) :
Terms of availability $3.99
035 ## - SYSTEM CONTROL NUMBER
System control number (OCoLC)ocm36220884
040 ## - CATALOGING SOURCE
Original cataloging agency JBL
Transcribing agency JBL
Modifying agency SLC
-- OCL
-- OCLCQ
-- DLC
042 ## - AUTHENTICATION CODE
Authentication code lccopycat
050 00 - LIBRARY OF CONGRESS CALL NUMBER
Classification number PZ 7
Item number .St859Ho 1997
100 1# - MAIN ENTRY--PERSONAL NAME
Personal name Stine, R. L.
9 (RLIN) 3762
245 10 - TITLE STATEMENT
Title How I learned to fly /
Statement of responsibility, etc R.L. Stine.
260 ## - PUBLICATION, DISTRIBUTION, ETC. (IMPRINT)
Place of publication, distribution, etc New York :
Name of publisher, distributor, etc Scholastic Inc.,
Date of publication, distribution, etc 1997.
300 ## - PHYSICAL DESCRIPTION
Extent 125 p. ;
Dimensions 20 cm.
490 1# - SERIES STATEMENT
Series statement Goosebumps ;
Volume number/sequential designation #52
521 1# - TARGET AUDIENCE NOTE
Target audience note
526 ## - STUDY PROGRAM INFORMATION NOTE
Reading level 450
650 #0 - SUBJECT ADDED ENTRY--TOPICAL TERM
Topical term or geographic name as entry element Human locomotion
Form subdivision Fiction.
9 (RLIN) 27478
655 #7 - INDEX TERM--GENRE/FORM
Genre/form data or focus term Fantasy fiction.
Source of term gsafd
9 (RLIN) 3053
710 2# - ADDED ENTRY--CORPORATE NAME
Corporate name or jurisdiction name as entry element Copyright Paperback Collection (Library of Congress)
Institution to which field applies DLC
9 (RLIN) 705
800 1# - SERIES ADDED ENTRY--PERSONAL NAME
Personal name Stine, R. L.
Title of a work Goosebumps ;
Volume/sequential designation #52.
9 (RLIN) 27479
906 ## - LOCAL DATA ELEMENT F, LDF (RLIN)
a 7
b cbc
c copycat
d 2
e ncip
f 20
g y-genrareb
942 ## - ADDED ENTRY ELEMENTS (KOHA)
Source of classification or shelving scheme Library of Congress Classification
Koha item type
Holdings
Withdrawn status Lost status Source of classification or shelving scheme Damaged status Home library Current library Shelving location Date acquired Source of acquisition Total Checkouts Full call number Barcode Date last seen Date checked out Copy number Price effective from Koha item type
    Library of Congress Classification   Luxembourg Library Luxembourg Library Scholastic Reading Center Section 04/02/2012 Donation 1 PZ 7 .St859Ho 1997 LEX0486 03/01/2019 02/15/2019 1 01/30/2014 Books

How I learned to fly /

APA

Stine R. L., Copyright Paperback Collection (Library of Congress), . (1997). How I learned to fly. New York: Scholastic Inc.

Chicago

Stine R L, Copyright Paperback Collection (Library of Congress), . 1997. How I learned to fly. New York: Scholastic Inc.

Harvard

Stine R. L., Copyright Paperback Collection (Library of Congress), . (1997). How I learned to fly. New York: Scholastic Inc.

MLA

Stine R L, Copyright Paperback Collection (Library of Congress), . How I learned to fly. New York: Scholastic Inc. 1997.

  • Place hold
  • Print
  • Cite
  • Add to your cart (remove)
  • Save record
    BIBTEX Dublin Core MARCXML MARC (non-Unicode/MARC-8) MARC (Unicode/UTF-8) MARC (Unicode/UTF-8, Standard) MODS (XML) RIS
  • More searches
    Search for this title in:
    Other Libraries (WorldCat) Other Databases (Google Scholar) Online Stores (Bookfinder.com) Open Library (openlibrary.org)

Exporting to Dublin Core...

SOUTHVILLE LIBRARY

Southville International School and Colleges Library

1281 Tropical Ave. Cor. Luxembourg St., BF Homes International, Las Pinas City

Tel. No. 8256374 / 252358 Loc. 117/146

Powered by Koha